| Tag |
First Indicator |
Second Indicator |
Subfields |
| LEADER |
00000cam a2200000Ka 4500 |
| 001 |
in00002413639 |
| 005 |
20211129160506.0 |
| 007 |
he bmb024bbca |
| 008 |
080716s1984 mdu b f000 0 eng d |
| 035 |
|
|
|a (OCoLC)ocn234076443
|
| 037 |
|
|
|a N 84-20971
|b NASA
|
| 040 |
|
|
|a GPO
|c GPO
|d MvI
|d UtOrBLW
|
| 049 |
|
|
|a UMIC
|a WWW
|
| 074 |
|
|
|a 0830-D (MF)
|
| 074 |
|
|
|a 0830-D (online)
|
| 086 |
0 |
|
|a NAS 1.15:86072
|
| 100 |
0 |
|
|a Harshvardhan.
|
| 245 |
1 |
0 |
|a Longwave radiation parameterization for the UCLA/GLAS GCM /
|c Harshvardhan and Thomas G. Corsetti.
|
| 264 |
|
1 |
|a Greenbelt, Md. :
|b National Aeronautics and Space Administration, Goddard Space Flight Center,
|c [1984]
|
| 300 |
|
|
|a 1 volume
|
| 336 |
|
|
|a text
|b txt
|2 rdacontent
|
| 337 |
|
|
|a microform
|b h
|2 rdamedia
|
| 338 |
|
|
|a microfiche
|b he
|2 rdacarrier
|
| 490 |
1 |
|
|a NASA technical memorandum ;
|v 86072
|
| 530 |
|
|
|a Also available via Internet from the NTRS web site. Address as of 07/15/08: http://ntrs.nasa.gov/archive/nasa/casi.ntrs.nasa.gov/19840012903%5F1984012903.pdf ; current access is available via PURL.
|
| 533 |
|
|
|a Microfiche.
|b [Washington, D.C. :
|c National Aeronautics and Space Administration],
|d 1984.
|e 1 microfiche.
|
| 500 |
|
|
|a Microform.
|
| 650 |
|
0 |
|a Radiation.
|
| 650 |
|
0 |
|a Atmospheric circulation.
|
| 650 |
|
7 |
|a Atmospheric circulation.
|2 nasat
|
| 650 |
|
7 |
|a Computer programs.
|2 nasat
|
| 650 |
|
7 |
|a Long wave radiation.
|2 nasat
|
| 650 |
|
7 |
|a Transmittance.
|2 nasat
|
| 700 |
1 |
|
|a Corsetti, Thomas G.
|
| 710 |
2 |
|
|a Goddard Space Flight Center.
|
| 830 |
|
0 |
|a NASA technical memorandum ;
|v 86072.
|
| 856 |
4 |
1 |
|u https://purl.fdlp.gov/GPO/LPS97033
|t 0
|
| 999 |
|
|
|a MARS
|
| 999 |
f |
f |
|s 7d550f8c-ed76-3bfb-840b-2b0203cffdca
|i 48c17c58-6177-3c47-8fff-b9dc9b57e0d2
|t 0
|
| 952 |
f |
f |
|p normal
|a Texas A&M University
|b College Station
|c Sterling C. Evans Library
|d Evans: US Documents Microfiche (3rd floor)
|t 0
|e NAS 1.15:86072
|h Superintendent of Documents classification
|i microform -- microfiche
|m A14837498443
|
| 952 |
f |
f |
|a Texas A&M University
|b College Station
|c Electronic Resources
|d Available Online
|t 0
|e NAS 1.15:86072
|h Superintendent of Documents classification
|
| 998 |
f |
f |
|a NAS 1.15:86072
|t 0
|l Evans: US Documents Microfiche (3rd floor)
|
| 998 |
f |
f |
|a NAS 1.15:86072
|t 0
|l Available Online
|